| 000 | 01220nam a22003257a 4500 | ||
|---|---|---|---|
| 001 | 186 | ||
| 003 | FISKH | ||
| 005 | 20230303090519.0 | ||
| 008 | 230303b cb ||||| |||| 00| 0 eng d | ||
| 040 |
_aDLC _cDLC _dDLC _dFISKH _beng |
||
| 042 | _alcac | ||
| 050 | 0 | 0 |
_aPZ7.W72934 _bHe 2004 |
| 082 | 0 | 0 |
_a813.6 _222 |
| 100 | 1 |
_aWinkler, Henry, _d1945- |
|
| 245 | 1 | 0 |
_aHelp! Somebody get me out of fourth grade! / _cby Henry Winkler and Lin Oliver. |
| 260 |
_aNew York : _bScholastic _c2004 |
||
| 300 |
_a156 p. : _bill. ; _c20 cm. |
||
| 490 | 1 |
_aHank Zipzer, the world's greatest underachiever ; _v7 |
|
| 505 | _aM | ||
| 520 | _aFearing that he may be failing fourth grade, Hank enlists the help of his friends, and even his annoying younger sister, in an effort to prevent his parents from attending a parent-teacher conference. | ||
| 521 | 8 |
_a720
_bLexile |
|
| 521 | 8 |
_aM
_bRaz-Plus |
|
| 650 | 1 |
_aSchools _vFiction. |
|
| 650 | 1 | _aHumorous stories. | |
| 700 | 1 | _aOliver, Lin. | |
| 800 | 1 |
_aWinkler, Henry, _d1945- _tHank Zipzer ; _v7. |
|
| 856 | 4 | 2 |
_3Publisher description _uhttp://www.loc.gov/catdir/enhancements/fy0718/2004020579-d.html |
| 906 |
_a7 _bcbc _corignew _d1 _eecip _f20 _gy-gencatlg |
||
| 942 |
_2lcc _cBK _n0 |
||
| 999 |
_c186 _d186 |
||